| 000 | 00438 a2200169 4500 | ||
|---|---|---|---|
| 003 | Nust | ||
| 005 | 20221208103137.0 | ||
| 040 | _cNust | ||
| 082 | _a297.122,MUR | ||
| 100 |
_a Murtaza,Malik Ghulam _9104421 |
||
| 245 |
_aAnwar-ul-Quran / _cDr Malik Ghulam Murtaza |
||
| 250 | _a 1 , 2 :Jild | ||
| 260 |
_aLahore _bTrust Dr Malik Ghulam Murtaza |
||
| 300 | _a566:p | ||
| 650 |
_aAnwar-ul-Quran _9104422 |
||
| 942 |
_2ddc _cBK _k297.122,MUR |
||
| 999 |
_c187914 _d187914 |
||